| 000 | 00333nam a2200109Ia 4500 | ||
|---|---|---|---|
| 008 | 240521s9999 xx 000 0 und d | ||
| 041 | _aeng | ||
| 100 | _aBAIS MITRAJA , THAKKAR JAY & DIXIT SAMRUDHA | ||
| 245 | _aSAHAJ - VERNACULAR FURNITURE OF GUJRAT | ||
| 260 | _bCENTER OF ADVANCED STUDIES IN ARCHITECTURE( CASA) | ||
| 300 | _a328 | ||
| 999 |
_c1161906 _d1161906 |
||